| 000 | 00387nam a22001457a 4500 | ||
|---|---|---|---|
| 005 | 20251223095501.0 | ||
| 008 | 251223b |||||||| |||| 00| 0 eng d | ||
| 020 | _a1-904685-88-9 | ||
| 050 | _aRA 790 .P553 2010 | ||
| 100 | _aMCDONALD SHARON | ||
| 245 | _aBRAIN HEALTH | ||
| 260 |
_aTHAILAND _bTHE STANBOROUGH PRESS LTD _c2010 |
||
| 650 | _aHOW TO HANDLE YOUR HEAD | ||
| 942 |
_2lcc _cBK |
||
| 999 |
_c216378 _d216378 |
||